| Tag |
First Indicator |
Second Indicator |
Subfields |
| LEADER |
00000cam a2200000 a 4500 |
| 001 |
in00002781635 |
| 006 |
m d |
| 007 |
cr cn||||||||| |
| 008 |
120113s2012 nyua ob 001 0 eng d |
| 005 |
20250816222447.8 |
| 010 |
|
|
|z 2012000903
|
| 020 |
|
|
|z 9780230110861
|
| 020 |
|
|
|z 9781137108913 (e-book)
|
| 035 |
|
|
|a (CaPaEBR)ebr10596878
|
| 040 |
|
|
|a CaPaEBR
|c CaPaEBR
|d UtOrBLW
|
| 043 |
|
|
|a e-uk---
|a e-uk-st
|a e-uk-en
|
| 050 |
1 |
4 |
|a PR8539
|b .A54 2012eb
|
| 082 |
0 |
4 |
|a 821/.109
|2 23
|
| 245 |
0 |
4 |
|a The Anglo-Scottish border and the shaping of identity, 1300-1600 /
|c edited by Mark P. Bruce and Katherine H. Terrell.
|
| 250 |
|
|
|a 1st ed.
|
| 264 |
|
1 |
|a New York :
|b Palgrave Macmillan,
|c 2012.
|
| 300 |
|
|
|a 1 online resource (xii, 235 pages) :
|b illustrations
|
| 336 |
|
|
|a text
|b txt
|2 rdacontent
|
| 337 |
|
|
|a computer
|b c
|2 rdamedia
|
| 338 |
|
|
|a online resource
|b cr
|2 rdacarrier
|
| 490 |
1 |
|
|a New Middle Ages
|
| 504 |
|
|
|a Includes bibliographical references and index.
|
| 520 |
|
|
|a "Theorizing the Borders: Scotland and the Shaping of Identity in Medieval Britain explores the roles that Scotland and England play in one another's imaginations. This collection of essays brings together eminent scholars and emerging voices from the frequently divergent fields of English and Scottish medieval studies to address such questions as: How do subjects on both sides of the Anglo-Scottish border define themselves in relation to one another? In what ways do they influence each other's sense of historical, cultural, and national identity? What stories do they tell about one another, and to what ends? How does the shifting political balance--as well as the shifting border--between the two kingdoms complicate notions of Scottishness and Englishness? What happens to important texts, genres, and even poetic forms when they cross this border? How do texts produced in the Anglo-Scottish borderlands transform mainstream notions of Scottish and English identities?"--
|c Provided by publisher.
|
| 500 |
|
|
|a Electronic resource.
|
| 650 |
|
0 |
|a English poetry
|x Scottish authors
|x History and criticism.
|
| 650 |
|
0 |
|a Scottish poetry
|y To 1700
|x History and criticism.
|
| 650 |
|
0 |
|a English poetry
|y Middle English, 1100-1500
|x History and criticism.
|
| 650 |
|
0 |
|a English poetry
|y Early modern, 1500-1700
|x History and criticism.
|
| 650 |
|
0 |
|a National characteristics, English, in literature.
|
| 650 |
|
0 |
|a National characteristics, Scottish, in literature.
|
| 650 |
|
0 |
|a Nationalism and literature
|z Great Britain
|x History.
|
| 651 |
|
0 |
|a Scottish Borders (England and Scotland)
|x In literature.
|
| 651 |
|
0 |
|a England
|x Relations
|z Scotland.
|
| 651 |
|
0 |
|a Scotland
|x Relations
|z England.
|
| 655 |
|
7 |
|a Electronic books.
|2 local
|
| 700 |
1 |
|
|a Bruce, Mark Paul.
|
| 700 |
1 |
|
|a Terrell, Katherine H.
|
| 710 |
2 |
|
|a ebrary, Inc.
|
| 830 |
|
0 |
|a New Middle Ages.
|
| 856 |
4 |
0 |
|u https://ebookcentral.proquest.com/lib/tamucs/detail.action?docID=1016542
|y Connect to the full text of this electronic book
|t 0
|
| 980 |
|
|
|a 120925
|b 85
|c USD
|e 85
|f YBP_EBR0000043082
|g 1
|
| 999 |
f |
f |
|s 27cadbbb-1edb-3b9d-bd5f-15f81bfe4b75
|i c75e9bd3-0327-3901-a1a6-115d89cacf8f
|t 0
|
| 999 |
|
|
|a MARS
|
| 952 |
f |
f |
|a Texas A&M University
|b College Station
|c Electronic Resources
|d Available Online
|t 0
|e PR8539 .A54 2012eb
|h Library of Congress classification
|
| 998 |
f |
f |
|a PR8539 .A54 2012eb
|t 0
|l Available Online
|